[Event "13th Poti Nana Aleksandria Cup"]
[Site "Poti"]
[Date "2018.07.14"]
[Round "2"]
[White "Pantsulaia, Levan"]
[Black "Matsenko, Vadim"]
[Result "1-0"]
[WhiteElo "2575"]
[BlackElo "2106"]
[Annotator "TA"]
[PlyCount "65"]
[EventDate "2018.07.13"]
[EventType "swiss"]
[EventCountry "GEO"]
[SourceTitle "playchess.com"]
[Source "ChessBase"]
[SourceQuality "1"]

{[%evp 10,65,33,33,37,30,45,39,77,79,85,80,118,126,116,137,124,124,178,154,227,189,213,213,197,206,183,176,254,214,231,233,330,272,375,265,255,208,212,215,200,204,248,234,270,262,248,246,279,256,255,257,243,251,593,569,1575,1401]} 1. Nf3 d5 2. c4 c6 3. g3 Nf6 4. Bg2 Bf5 5. cxd5 Bxb1 (5... cxd5 6. Qb3 Nc6 7. Qxb7 Bd7 8. Qb3 e5 9. O-O e4 10. Ne1 Rb8 11. Qd1 h5 12. d3 h4 13. Bf4 hxg3 14. Bxg3 {½-½ (23) Artemiev,V (2697)-Petrosian,T (2589) Moscow 2018}) 6. Rxb1 {LiveBook: 6 Partien. Und weiter mit dxc6 wäre nett. A11: Reti-Eröffnung} cxd5 7. O-O Nc6 8. b4 $146 {Weiß steht etwas besser.} ({Vorgänger:} 8. d4 e6 9. Qa4 Qa5 10. Qxa5 Nxa5 11. Ne5 Nd7 12. e4 Nxe5 13. dxe5 d4 14. Rd1 Nc6 15. f4 Bc5 16. Bf1 O-O 17. a3 a5 18. Bd3 {½-½ (18) Fernandez Riesgo,M-Diaz Flores Garcia,P (2049) Asturias 1999}) 8... b5 9. a4 a6 10. Qc2 Rc8 11. axb5 axb5 12. Qc5 e6 13. Qxb5 Nd7 (13... Bd6 $16 {ist wohl besser.}) 14. d3 Nxb4 (14... Be7 $16 15. Bd2 O-O) 15. Bd2 ({Minderwertig wäre} 15. Rxb4 Rb8 $11) 15... Rb8 16. Qa4 {[%cal Rd2b4]} Ra8 17. Qb3 Na6 18. Qc3 h5 (18... Nac5 $142 19. Be3 Na4) 19. Ng5 Rc8 20. Qa1 Nac5 (20... Ra8 {war einen Versuch wert.} 21. Rfc1 h4) 21. Rfc1 f6 22. Nxe6 Nxe6 23. Rxc8 Qxc8 24. Bxd5 Nd8 25. Qa4 {[%mdl 1024] zielt auf Tc1 ab. Weiss hat starke Kompensation.} Be7 26. h4 Qc5 27. Rb5 {[%cal Bb1b5,Bb5a5,Ba5a8,Ba8d8][%mdl 32]} Qa3 {[#]} 28. Qe4 $1 Kf8 {und die Idee ...Da1+ ließe Schwarz weiter hoffen.} 29. Kg2 Qa6 {[#]} 30. Ra5 $1 $40 {[%mdl 128] Schwarz ist in Schwierigkeiten.} Qd6 31. Ra8 Nc5 $2 (31... Qe5) 32. Qc4 $18 Nd7 {[#] Weiss muss nun ...Sb6 beachten.} 33. Rxd8+ $1 {[%mdl 512] Precision: Weiß = 99%, Schwarz = 20%.} 1-0

[Event "13th Poti Nana Aleksandria Cup"]
[Site "Poti"]
[Date "2018.07.14"]
[Round "2"]
[White "Matsenko, Sergei"]
[Black "Mgeladze, Tamaz"]
[Result "1/2-1/2"]
[WhiteElo "2539"]
[BlackElo "2374"]
[Annotator "RC"]
[PlyCount "64"]
[EventDate "2018.07.13"]
[EventType "swiss"]
[EventCountry "GEO"]
[SourceTitle "playchess.com"]
[Source "ChessBase"]
[SourceQuality "1"]
[TimeControl "40/5400+30:1800+30"]

1. d4 {[%emt 0:00:00]} Nf6 {[%emt 0:38:53]} 2. c4 {[%emt 0:00:00]} g6 {[%emt 0:00:04]} 3. Nc3 {[%emt 0:00:00]} Bg7 {[%emt 0:00:03]} 4. e4 {[%emt 0:00:03]} d6 {[%emt 0:00:05]} 5. Nf3 {[%emt 0:00:14]} O-O {[%emt 0:00:07]} 6. Be2 {[%emt 0:00:07]} e5 {[%emt 0:00:19]} 7. Be3 {[%emt 0:00:23]} Qe8 {[%emt 0:09:12]} 8. dxe5 {[%emt 0:05:19]} Ng4 {[%emt 0:01:07]} 9. Bd2 {[%emt 0:02:09]} dxe5 {[%emt 0:02:46]} 10. h3 {[%emt 0:02:12]} Nf6 {[%emt 0:01:36]} 11. Be3 {[%emt 0:00:11]} Qe7 {[%emt 0:07:40]} 12. O-O {[%emt 0:11:04]} c6 {[%emt 0:11:29]} 13. c5 {[%emt 0:04:10]} Nh5 {[%emt 0:03:06]} 14. b4 {[%emt 0:04:48]} Nf4 {[%emt 0:00:49]} 15. Bc4 {[%emt 0:01:03]} Be6 {[%emt 0:00:42]} 16. Qb3 {[%emt 0:01:27]} Na6 {[%emt 0:02:40]} 17. Bxf4 {[%emt 0:02:27]} exf4 {[%emt 0:01:39]} 18. e5 {[%emt 0:00:21]} Nc7 {[%emt 0:02:19]} 19. Rad1 {[%emt 0:04:45]} Rfd8 {[%emt 0:00:06]} 20. Rd6 {[%emt 0:02:59]} Ne8 {[%emt 0:01:21]} 21. Re1 {[%emt 0:13:53]} Bxc4 {[%emt 0:01:06]} 22. Qxc4 {[%emt 0:00:05]} Nxd6 {[%emt 0:00:02]} 23. cxd6 {[%emt 0:00:09]} Qd7 {[%emt 0:03:13]} 24. Ne4 {[%emt 0:07:45]} b6 {[%emt 0:01:55]} 25. Neg5 {[%emt 0:00:50]} Re8 {[%emt 0:03:07]} 26. Nxf7 {[%emt 0:07:36]} Qxf7 {[%emt 0:00:01]} 27. e6 {[%emt 0:00:01]} Qf5 {[%emt 0:00:42]} 28. Qxc6 {[%emt 0:02:28]} Rec8 {[%emt 0:02:56]} 29. Qb7 {[%emt 0:04:26]} Rcb8 {[%emt 0:00:01]} 30. Qc6 {[%emt 0:03:34]} Rc8 {[%emt 0:00:01]} 31. Qb7 {[%emt 0:08:53]} Rcb8 {[%emt 0:00:02]} 32. Qc6 {[%emt 0:02:22]} Rc8 1/2-1/2

[Event "13th Poti Nana Aleksandria Cup"]
[Site "Poti"]
[Date "2018.07.14"]
[Round "2"]
[White "Harutyunian, Tigran K"]
[Black "Sattarov, Bobir"]
[Result "1-0"]
[WhiteElo "2500"]
[BlackElo "2328"]
[Annotator "TA"]
[PlyCount "51"]
[EventDate "2018.07.13"]
[EventType "swiss"]
[EventCountry "GEO"]
[SourceTitle "playchess.com"]
[Source "ChessBase"]
[SourceQuality "1"]

{[%evp 14,51,44,37,45,41,48,39,27,19,31,22,25,25,29,6,65,64,144,133,158,170,185,164,234,232,235,231,279,268,389,227,212,199,284,223,299,293,795,787]} 1. d4 Nf6 2. Nf3 g6 3. Nbd2 d5 4. b4 (4. e3 Nc6 5. b3 Bg7 6. Bb2 O-O 7. Be2 a5 8. a3 b6 9. O-O e6 10. c4 Ne7 11. cxd5 exd5 {½-½ (38) So,W (2792)-Svidler,P (2768) Wijk aan Zee 2018}) 4... Bg7 5. Bb2 O-O 6. e3 {D02: 1 d4 d5 2 Nf3 sidelines, including 2...Nf6 3 g3 and 2...Nf6 3 Bf4} b6 7. c4 e6 8. Be2 {LiveBook: 3 Games. White is slightly better.} Bb7 9. O-O Nbd7 10. Rc1 c6 $146 {[%cal Bc7c6,Bc6c5][%mdl 32]} 11. a4 a5 12. cxd5 exd5 13. b5 c5 14. Ba3 {[%cal Rd4c5]} Qe7 ({Black should try} 14... Rc8 $11) 15. Nb3 {[%cal Rd4c5]} Ne4 {[#]} (15... Rfc8 $14) 16. Nfd2 $1 $16 Rfc8 17. Nxe4 dxe4 18. dxc5 Nxc5 (18... bxc5 $142 19. Qd2 Rd8) 19. Nxc5 $18 bxc5 20. Qb3 Rd8 21. Rxc5 Be5 (21... Qf6 {might work better.} 22. Rc7 Bd5) 22. Rc2 (22. b6 $142) 22... Bd5 23. Bc4 ({Less strong is} 23. Qxd5 Bxh2+ 24. Kh1 Qh4 $14) 23... Qg5 (23... Bxc4 $142 24. Rxc4 (24. Bxe7 $2 {is the wrong capture.} Bxb3 25. Rc5 Rd5 $19) 24... Qe6) 24. Bb2 ({Much less strong is} 24. Bxd5 $6 Rxd5 25. Bb2 Rb8 $18) 24... Bxb2 25. Qxb2 Bb7 $2 {[#]} (25... Bxc4 26. Rxc4 Qd5) 26. Bxf7+ $1 {[%mdl 512] Precision: White = 59%, Black = 24%.} 1-0

[Event "13th Poti Nana Aleksandria Cup"]
[Site "Poti"]
[Date "2018.07.14"]
[Round "2"]
[White "Harutyunian, Tigran K."]
[Black "Sattarov, Bobir"]
[Result "1-0"]
[WhiteElo "2500"]
[BlackElo "2328"]
[Annotator "TA"]
[PlyCount "51"]
[EventDate "2018.07.13"]
[EventType "swiss"]
[EventCountry "GEO"]
[SourceTitle "playchess.com"]
[Source "ChessBase"]
[SourceQuality "1"]

{[%evp 13,51,40,45,43,46,46,50,35,32,27,28,21,23,17,25,-7,108,102,141,132,159,167,160,165,233,233,202,210,283,270,412,231,218,204,338,248,329,332,915,949]} 1. d4 Nf6 2. Nf3 g6 3. Nbd2 d5 4. b4 (4. e3 Nc6 5. b3 Bg7 6. Bb2 O-O 7. Be2 a5 8. a3 b6 9. O-O e6 10. c4 Ne7 11. cxd5 exd5 {½-½ (38) So,W (2792)-Svidler,P (2768) Wijk aan Zee 2018}) 4... Bg7 5. Bb2 O-O 6. e3 {D02: Damenbauernspiele} b6 7. c4 e6 {LiveBook: 4 Partien} 8. Be2 {Weiß steht etwas besser.} Bb7 9. O-O Nbd7 10. Rc1 c6 $146 {[%cal Bc7c6,Bc6c5][%mdl 32]} 11. a4 a5 12. cxd5 exd5 13. b5 c5 14. Ba3 {[%cal Rd4c5]} Qe7 {[#]} (14... Rc8 $11) 15. Nb3 $1 $16 {[%cal Rd4c5]} Ne4 {[#]} 16. Nfd2 $1 Rfc8 17. Nxe4 dxe4 18. dxc5 Nxc5 (18... bxc5 $142 19. h3 f5) 19. Nxc5 $18 bxc5 20. Qb3 Rd8 21. Rxc5 Be5 (21... Qf6 {war einen Versuch wert.} 22. Rc7 Bd5) 22. Rc2 (22. b6 $142) 22... Bd5 23. Bc4 (23. Bxe7 Bxb3 24. Rc5 Rd5) ({Nicht} 23. Qxd5 Bxh2+ 24. Kh1 Qh4 $14) 23... Qg5 (23... Bxc4 $142 24. Rxc4 (24. Bxe7 $2 {geht unter.} Bxb3 25. Rc5 Bd6 $19) 24... Qe6) 24. Bb2 ({Jedoch nicht} 24. Bxd5 Rxd5 25. Bb2 Rb8 $18) 24... Bxb2 25. Qxb2 Bb7 $2 {[#]} (25... Rac8) 26. Bxf7+ $1 {[%mdl 512] Precision: Weiß = 67%, Schwarz = 39%.} 1-0

[Event "13th Poti Nana Aleksandria Cup"]
[Site "Poti"]
[Date "2018.07.14"]
[Round "2"]
[White "Benidze, Davit"]
[Black "Gharagyozyan, Artur"]
[Result "1-0"]
[WhiteElo "2487"]
[BlackElo "2302"]
[Annotator "ChessBase"]
[PlyCount "94"]
[EventDate "2018.07.13"]
[EventType "swiss"]
[EventCountry "GEO"]
[SourceTitle "playchess.com"]
[Source "ChessBase"]
[SourceQuality "1"]
[TimeControl "40/5400+30:1800+30"]

1. Nf3 {[%emt 0:00:00]} c5 {[%emt 0:02:30]} 2. g3 {[%emt 0:00:00]} b6 {[%emt 0:00:28]} 3. Bg2 {[%emt 0:00:00]} Bb7 {[%emt 0:00:03]} 4. O-O {[%emt 0:00:00]} Nf6 {[%emt 0:00:02]} 5. c4 {[%emt 0:00:00]} g6 {[%emt 0:00:10]} 6. d4 {[%emt 0:01:22]} cxd4 {[%emt 0:00:05]} 7. Qxd4 {[%emt 0:00:04]} Bg7 {[%emt 0:00:08]} 8. Nc3 {[%emt 0:00:05]} O-O {[%emt 0:00:05]} 9. Qh4 {[%emt 0:00:02]} d6 {[%emt 0:00:08]} 10. Be3 {[%emt 0:04:46]} Nbd7 {[%emt 0:00:26]} 11. Rfd1 {[%emt 0:00:06]} Rc8 {[%emt 0:00:32]} 12. Rac1 {[%emt 0:00:08]} a6 {[%emt 0:04:19]} 13. b3 {[%emt 0:00:49]} Re8 {[%emt 0:01:19]} 14. Bh3 {[%emt 0:03:15]} Rc7 {[%emt 0:08:14]} 15. g4 {[%emt 0:07:19]} Qb8 {[%emt 0:12:19]} 16. g5 {[%emt 0:00:37]} Bxf3 {[%emt 0:00:12]} 17. exf3 {[%emt 0:00:16]} Ne5 {[%emt 0:02:37]} 18. Qg3 {[%emt 0:06:29]} Nh5 {[%emt 0:03:35]} 19. Qg2 {[%emt 0:00:09]} b5 {[%emt 0:11:15]} 20. f4 {[%emt 0:05:01]} Nd7 {[%emt 0:10:11]} 21. Nd5 {[%emt 0:00:10]} Rb7 {[%emt 0:00:12]} 22. cxb5 {[%emt 0:00:02]} axb5 {[%emt 0:00:27]} 23. Bg4 {[%emt 0:00:02]} e6 {[%emt 0:02:04]} 24. Bxh5 {[%emt 0:00:22]} exd5 {[%emt 0:02:10]} 25. Bf3 {[%emt 0:00:02]} Nb6 {[%emt 0:04:12]} 26. Bxd5 {[%emt 0:00:05]} Nxd5 {[%emt 0:01:52]} 27. Qxd5 {[%emt 0:00:08]} Bf8 {[%emt 0:00:25]} 28. a4 {[%emt 0:10:29]} bxa4 {[%emt 0:00:58]} 29. bxa4 {[%emt 0:00:04]} Rb4 {[%emt 0:01:20]} 30. Rd4 {[%emt 0:03:53]} Rb3 {[%emt 0:03:36]} 31. Rdc4 {[%emt 0:03:11]} Rb7 {[%emt 0:11:18]} 32. Kg2 {[%emt 0:06:19]} Qa8 {[%emt 0:00:11]} 33. Kg3 {[%emt 0:06:16]} h5 {[%emt 0:04:44]} 34. a5 {[%emt 0:01:30]} Qb8 {[%emt 0:05:41]} 35. Bb6 {[%emt 0:03:31]} h4+ {[%emt 0:03:22]} 36. Kf3 {[%emt 0:02:02]} Qa8 {[%emt 0:01:01]} 37. R1c3 {[%emt 0:03:25]} Qa6 {[%emt 0:00:32]} 38. Re3 {[%emt 0:01:40]} Rbe7 {[%emt 0:01:05]} 39. Rxe7 {[%emt 0:00:34]} Rxe7 {[%emt 0:00:06]} 40. Kg4 {[%emt 0:00:00]} Rb7 {[%emt 0:00:00]} 41. Kxh4 {[%emt 0:01:15]} Re7 {[%emt 0:05:11]} 42. Kg3 {[%emt 0:02:00]} Rb7 {[%emt 0:07:14]} 43. h3 {[%emt 0:05:04]} Re7 {[%emt 0:00:02]} 44. Be3 {[%emt 0:00:46]} Re6 {[%emt 0:01:54]} 45. Kg2 {[%emt 0:02:57]} Be7 {[%emt 0:01:32]} 46. Rc6 {[%emt 0:01:26]} Qe2 {[%emt 0:01:52]} 47. Rc8+ {[%emt 0:00:26]} Kh7 {[%emt 0:02:01]} 1-0

[Event "13th Poti Nana Aleksandria Cup"]
[Site "Poti"]
[Date "2018.07.14"]
[Round "2"]
[White "Tutisani, Noe"]
[Black "Der Manuelian, Haik"]
[Result "1-0"]
[WhiteElo "2469"]
[BlackElo "2242"]
[Annotator "ChessBase"]
[PlyCount "132"]
[EventDate "2018.07.13"]
[EventType "swiss"]
[EventCountry "GEO"]
[SourceTitle "playchess.com"]
[Source "ChessBase"]
[SourceQuality "1"]
[TimeControl "40/5400+30:1800+30"]

1. d4 {[%emt 0:00:00]} d5 {[%emt 0:00:00]} 2. c4 {[%emt 0:00:00]} e6 {[%emt 0:00:01]} 3. Nc3 {[%emt 0:00:00]} Be7 {[%emt 0:00:04]} 4. cxd5 {[%emt 0:00:00]} exd5 {[%emt 0:00:07]} 5. Bf4 {[%emt 0:00:00]} c6 {[%emt 0:00:05]} 6. e3 {[%emt 0:00:02]} Bf5 {[%emt 0:00:07]} 7. f3 {[%emt 0:00:04]} g5 {[%emt 0:18:58]} 8. Be5 {[%emt 0:03:14]} Bf6 {[%emt 0:00:47]} 9. Bd3 {[%emt 0:00:33]} Bxd3 {[%emt 0:02:23]} 10. Qxd3 {[%emt 0:00:32]} Bxe5 {[%emt 0:05:12]} 11. dxe5 {[%emt 0:00:07]} Qe7 {[%emt 0:05:43]} 12. Qd4 {[%emt 0:00:17]} f6 {[%emt 0:00:31]} 13. exf6 {[%emt 0:00:41]} Qxf6 {[%emt 0:01:38]} 14. Qa4 {[%emt 0:01:37]} Nd7 {[%emt 0:05:32]} 15. Nge2 {[%emt 0:05:57]} Nb6 {[%emt 0:04:19]} 16. Qd4 {[%emt 0:02:30]} O-O-O {[%emt 0:09:29]} 17. h4 {[%emt 0:03:04]} Qxd4 {[%emt 0:07:55]} 18. exd4 {[%emt 0:00:20]} gxh4 {[%emt 0:04:12]} 19. b3 {[%emt 0:00:51]} Ne7 {[%emt 0:13:11]} 20. Rxh4 {[%emt 0:00:14]} h5 {[%emt 0:00:45]} 21. Ng3 {[%emt 0:01:54]} Rdg8 {[%emt 0:05:27]} 22. Nce2 {[%emt 0:00:56]} Rg5 {[%emt 0:01:05]} 23. Kf2 {[%emt 0:07:38]} Ng6 {[%emt 0:00:17]} 24. Rh2 {[%emt 0:00:05]} h4 {[%emt 0:01:13]} 25. Nf1 {[%emt 0:00:04]} Nd7 {[%emt 0:01:59]} 26. Ne3 {[%emt 0:01:23]} Nf6 {[%emt 0:00:58]} 27. Rh3 {[%emt 0:05:25]} Nh5 {[%emt 0:01:02]} 28. Rah1 {[%emt 0:03:18]} Re8 {[%emt 0:00:26]} 29. Ng4 {[%emt 0:06:19]} Rf5 {[%emt 0:02:48]} 30. Re1 {[%emt 0:02:24]} Rh8 {[%emt 0:04:11]} 31. Ne3 {[%emt 0:04:27]} Rff8 {[%emt 0:00:35]} 32. Reh1 {[%emt 0:01:07]} Nhf4 {[%emt 0:00:49]} 33. Nxf4 {[%emt 0:00:43]} Rxf4 {[%emt 0:00:02]} 34. Nc2 {[%emt 0:01:24]} Kd7 {[%emt 0:00:32]} 35. Rg1 {[%emt 0:05:34]} Ne7 {[%emt 0:02:03]} 36. Ke3 {[%emt 0:03:50]} Rff8 {[%emt 0:00:01]} 37. Kd3 {[%emt 0:00:50]} Ng6 {[%emt 0:01:48]} 38. Rh2 {[%emt 0:00:04]} h3 {[%emt 0:00:58]} 39. Kd2 {[%emt 0:00:40]} hxg2 {[%emt 0:00:45]} 40. Rxh8 {[%emt 0:00:00]} Nxh8 {[%emt 0:00:00]} 41. Ne1 {[%emt 0:00:06]} Ke6 {[%emt 0:05:33]} 42. Rxg2 {[%emt 0:00:32]} Kf6 {[%emt 0:00:13]} 43. Nd3 {[%emt 0:00:20]} Ng6 {[%emt 0:00:05]} 44. Rh2 {[%emt 0:00:24]} Rf7 {[%emt 0:01:32]} 45. Rh6 {[%emt 0:02:51]} Rg7 {[%emt 0:07:07]} 46. b4 {[%emt 0:09:00]} Kg5 {[%emt 0:01:19]} 47. Rh1 {[%emt 0:00:25]} Re7 {[%emt 0:00:51]} 48. a4 {[%emt 0:00:32]} Kf5 {[%emt 0:06:10]} 49. Rh5+ {[%emt 0:02:34]} Kf6 {[%emt 0:00:10]} 50. b5 {[%emt 0:00:22]} Rg7 {[%emt 0:02:51]} 51. bxc6 {[%emt 0:00:50]} bxc6 {[%emt 0:00:00]} 52. Nb4 {[%emt 0:03:37]} Ne7 {[%emt 0:00:41]} 53. Rh6+ {[%emt 0:00:16]} Kf5 {[%emt 0:01:20]} 54. Nxc6 {[%emt 0:02:01]} Nxc6 {[%emt 0:00:06]} 55. Rxc6 {[%emt 0:00:04]} Rg2+ {[%emt 0:00:19]} 56. Kc3 {[%emt 0:05:44]} Rf2 {[%emt 0:00:32]} 57. Kb4 {[%emt 0:00:29]} Rxf3 {[%emt 0:00:03]} 58. Rc1 {[%emt 0:00:43]} Ke6 {[%emt 0:01:39]} 59. Rh1 {[%emt 0:02:38]} a5+ {[%emt 0:05:20]} 60. Kxa5 {[%emt 0:00:46]} Rf4 {[%emt 0:02:54]} 61. Rd1 {[%emt 0:01:23]} Kd6 {[%emt 0:00:03]} 62. Kb4 {[%emt 0:01:05]} Rf8 {[%emt 0:01:57]} 63. a5 {[%emt 0:00:48]} Rb8+ {[%emt 0:00:04]} 64. Kc3 {[%emt 0:00:29]} Rc8+ {[%emt 0:01:25]} 65. Kd3 {[%emt 0:00:39]} Rh8 {[%emt 0:00:43]} 66. Kc3 {[%emt 0:02:48]} Rc8+ {[%emt 0:00:33]} 1-0

[Event "13th Poti Nana Aleksandria Cup"]
[Site "Poti"]
[Date "2018.07.14"]
[Round "2"]
[White "Hayrapetyan, Hovik"]
[Black "Ghvamberia, Nika"]
[Result "1/2-1/2"]
[WhiteElo "2453"]
[BlackElo "2236"]
[Annotator "ChessBase"]
[PlyCount "124"]
[EventDate "2018.07.13"]
[EventType "swiss"]
[EventCountry "GEO"]
[SourceTitle "playchess.com"]
[Source "ChessBase"]
[SourceQuality "1"]
[TimeControl "40/5400+30:1800+30"]

1. Nf3 {[%emt 0:00:03]} Nf6 {[%emt 0:02:41]} 2. c4 {[%emt 0:00:09]} e6 {[%emt 0:00:29]} 3. b3 {[%emt 0:01:09]} b6 {[%emt 0:00:48]} 4. g3 {[%emt 0:00:53]} Bb7 {[%emt 0:00:24]} 5. Bg2 {[%emt 0:00:08]} c5 {[%emt 0:01:49]} 6. O-O {[%emt 0:00:37]} Be7 {[%emt 0:00:04]} 7. Bb2 {[%emt 0:02:05]} O-O {[%emt 0:02:04]} 8. d4 {[%emt 0:03:25]} cxd4 {[%emt 0:01:12]} 9. Qxd4 {[%emt 0:00:37]} Nc6 {[%emt 0:06:21]} 10. Qf4 {[%emt 0:01:41]} Qb8 {[%emt 0:07:39]} 11. Qxb8 {[%emt 0:05:07]} Raxb8 {[%emt 0:00:22]} 12. Nc3 {[%emt 0:00:02]} Rfd8 {[%emt 0:02:13]} 13. Rfd1 {[%emt 0:07:14]} a6 {[%emt 0:03:41]} 14. Rd2 {[%emt 0:03:52]} Bb4 {[%emt 0:16:06]} 15. Rd3 {[%emt 0:12:11]} d5 {[%emt 0:10:35]} 16. cxd5 {[%emt 0:00:49]} Bxc3 {[%emt 0:00:06]} 17. Rxc3 {[%emt 0:01:38]} Nxd5 {[%emt 0:00:08]} 18. Rc4 {[%emt 0:05:59]} f6 {[%emt 0:05:01]} 19. Nd4 {[%emt 0:05:10]} Nxd4 {[%emt 0:03:04]} 20. Rxd4 {[%emt 0:00:44]} Rdc8 {[%emt 0:07:25]} 21. Bh3 {[%emt 0:03:14]} f5 {[%emt 0:04:38]} 22. e4 {[%emt 0:02:45]} Nf6 {[%emt 0:02:40]} 23. exf5 {[%emt 0:01:17]} Rc2 {[%emt 0:00:23]} 24. Ba3 {[%emt 0:10:23]} e5 {[%emt 0:00:05]} 25. Rd6 {[%emt 0:03:25]} Bf3 {[%emt 0:01:31]} 26. Rc1 {[%emt 0:04:58]} Rxc1+ {[%emt 0:07:32]} 27. Bxc1 {[%emt 0:00:04]} Rc8 {[%emt 0:00:01]} 28. Be3 {[%emt 0:03:40]} Rc2 {[%emt 0:05:15]} 29. Bg2 {[%emt 0:04:14]} e4 {[%emt 0:00:21]} 30. h3 {[%emt 0:00:35]} Rxa2 {[%emt 0:00:05]} 31. Bxb6 {[%emt 0:01:33]} Rb2 {[%emt 0:03:06]} 32. Bd4 {[%emt 0:04:33]} Rxb3 {[%emt 0:00:36]} 33. Rxa6 {[%emt 0:02:39]} h5 {[%emt 0:03:07]} 34. Bxf6 {[%emt 0:00:54]} gxf6 {[%emt 0:00:02]} 35. Rxf6 {[%emt 0:00:05]} Rb1+ {[%emt 0:00:32]} 36. Kh2 {[%emt 0:00:05]} Rb2 {[%emt 0:00:03]} 37. Bxf3 {[%emt 0:00:08]} exf3 {[%emt 0:00:05]} 38. g4 {[%emt 0:00:35]} h4 {[%emt 0:02:02]} 39. Rh6 {[%emt 0:01:22]} Rxf2+ {[%emt 0:00:06]} 40. Kg1 {[%emt 0:00:00]} Rg2+ {[%emt 0:00:00]} 41. Kf1 {[%emt 0:00:04]} Kg7 {[%emt 0:00:20]} 42. Rxh4 {[%emt 0:00:05]} Kf6 {[%emt 0:00:06]} 43. Rh8 {[%emt 0:00:33]} Kg5 {[%emt 0:05:15]} 44. f6 {[%emt 0:00:38]} Kxf6 {[%emt 0:01:24]} 45. Rf8+ {[%emt 0:00:09]} Kg5 {[%emt 0:00:03]} 46. Rxf3 {[%emt 0:00:09]} Rh2 {[%emt 0:02:34]} 47. Rf5+ {[%emt 0:03:32]} Kh4 {[%emt 0:00:15]} 48. Rh5+ {[%emt 0:00:08]} Kg3 {[%emt 0:00:07]} 49. Ke1 {[%emt 0:00:43]} Kf3 {[%emt 0:01:51]} 50. Kd1 {[%emt 0:03:02]} Ke3 {[%emt 0:01:51]} 51. Rb5 {[%emt 0:03:01]} Kf4 {[%emt 0:04:44]} 52. Rb3 {[%emt 0:03:32]} Kg5 {[%emt 0:00:25]} 53. Kc1 {[%emt 0:01:23]} Kh4 {[%emt 0:01:05]} 54. Rd3 {[%emt 0:01:48]} Rg2 {[%emt 0:01:04]} 55. Kd1 {[%emt 0:01:02]} Rh2 {[%emt 0:01:09]} 56. Ke1 {[%emt 0:00:05]} Rg2 {[%emt 0:00:11]} 57. Kf1 {[%emt 0:01:08]} Rh2 {[%emt 0:01:17]} 58. Re3 {[%emt 0:03:09]} Ra2 {[%emt 0:01:27]} 59. Kg1 {[%emt 0:00:19]} Rb2 {[%emt 0:00:25]} 60. Rf3 {[%emt 0:01:15]} Ra2 {[%emt 0:00:07]} 61. Kf1 {[%emt 0:00:13]} Rh2 {[%emt 0:01:19]} 62. Re3 {[%emt 0:00:38]} Ra2 {[%emt 0:01:08]} 1/2-1/2

[Event "13th Poti Nana Aleksandria Cup"]
[Site "Poti"]
[Date "2018.07.14"]
[Round "2"]
[White "Arabidze, Meri"]
[Black "Tsotsonava, Elene"]
[Result "1-0"]
[WhiteElo "2397"]
[BlackElo "1647"]
[Annotator "NA"]
[PlyCount "81"]
[EventDate "2018.07.13"]
[EventType "swiss"]
[EventCountry "GEO"]
[SourceTitle "playchess.com"]
[Source "ChessBase"]
[SourceQuality "1"]
[TimeControl "40/5400+30:1800+30"]

1. d4 {[%emt 0:00:00]} Nf6 {[%emt 0:00:00]} 2. c4 {[%emt 0:00:00]} e6 {[%emt 0:00:00]} 3. Nc3 {[%emt 0:00:00]} Bb4 {[%emt 0:00:00]} 4. f3 {[%emt 0:00:00]} c5 {[%emt 0:00:24]} 5. d5 {[%emt 0:00:00]} Bxc3+ {[%emt 0:00:08]} ({Better is} 5... O-O $11) 6. bxc3 {[%emt 0:00:00]} d6 {[%emt 0:00:13]} 7. e4 {[%emt 0:00:41]} e5 {[%emt 0:01:57]} 8. Bd3 {[%emt 0:00:04]} Nbd7 {[%emt 0:00:46]} 9. Ne2 {[%emt 0:00:07]} Nf8 {[%emt 0:11:46]} 10. h4 {[%emt 0:00:11]} h5 {[%emt 0:00:19] LiveBook: 10 Games E20: Nimzo-Indian: 4 g3 and 4 f3} 11. Ng3 {[%emt 0:00:36]} (11. Qa4+ Bd7 12. Qa3 Qc7 13. Bc2 Kd8 14. Rb1 Ng8 15. Ng3 Bc8 16. Rb2 f6 17. Be3 g6 18. Bd3 {1-0 (84) Volkov,S (2636)-Javakhishvili,L (2461) Banja Luka 2008}) 11... Ng6 $146 {[%emt 0:03:01]} ({Predecessor:} 11... Qa5 12. Qc2 Ng6 13. Kf2 Qc7 14. a4 Bd7 15. Nf5 Kf8 16. Re1 Re8 17. Rb1 Bc8 18. Kg1 {½-½ (70) Morrow,W (2296)-Ramik,J (2327) ICCF email 2012}) 12. Nf5 {[%emt 0:00:16]} Bxf5 {[%emt 0:03:36]} 13. exf5 {[%emt 0:00:05]} Ne7 {[%emt 0:00:30]} 14. Bg5 {[%emt 0:00:30]} Qd7 {[%emt 0:00:30]} 15. Qc2 {[%emt 0:00:30]} O-O-O {[%emt 0:26:43]} 16. a4 {[%emt 0:12:39]} Qe8 {[%emt 0:00:30]} 17. a5 {[%emt 0:08:05]} Nd7 {[%emt 0:15:04]} 18. Rb1 {[%emt 0:14:33]} Nf8 {[%emt 0:05:12]} 19. f6 {[%emt 0:09:45]} gxf6 {[%emt 0:03:17]} 20. Bxf6 {[%emt 0:00:06]} Rg8 {[%emt 0:00:36]} 21. Kf2 {[%emt 0:01:43]} Nfg6 {[%emt 0:02:59]} 22. g3 {[%emt 0:00:53]} Qd7 {[%emt 0:02:10]} 23. Rb2 {[%emt 0:03:50]} e4 {[%emt 0:08:48]} 24. Bxe4 {[%emt 0:03:16]} Ne5 {[%emt 0:00:11]} 25. Bxe7 {[%emt 0:05:56]} Qxe7 {[%emt 0:00:32]} 26. Rhb1 {[%emt 0:00:13]} Rg7 $18 {[%emt 0:07:15]} 27. Bf5+ {[%emt 0:09:55]} Kb8 {[%emt 0:00:30]} 28. Rxb7+ {[%emt 0:00:30]} Qxb7 {[%emt 0:00:30]} 29. Rxb7+ Kxb7 {[%emt 0:00:00]} 30. Qa4 {[%emt 0:06:39]} f6 {[%emt 0:04:11]} 31. f4 {[%emt 0:04:24]} Ng4+ {[%emt 0:00:47]} 32. Kf3 {[%emt 0:01:32]} Nh6 {[%emt 0:01:42]} 33. Bg6 {[%emt 0:03:41]} Re7 {[%emt 0:01:35]} 34. Bxh5 {[%emt 0:01:45]} Nf5 {[%emt 0:00:44]} 35. Bg6 {[%emt 0:01:14]} Nh6 {[%emt 0:00:24]} 36. g4 {[%emt 0:00:49]} Rg7 {[%emt 0:00:25]} 37. a6+ {[%emt 0:01:24]} Kb8 {[%emt 0:00:32]} 38. g5 {[%emt 0:00:30]} fxg5 {[%emt 0:00:13]} 39. hxg5 {[%emt 0:00:11]} Ng8 {[%emt 0:00:16]} 40. Qb5+ {[%emt 0:00:00]} Ka8 {[%emt 0:00:00]} 41. Be8 {[%emt 0:00:48]} 1-0